[Event "Bad Woerishofen sen"]
[Site "?"]
[Date "2004.03.25"]
[Round "8"]
[White "Zunker, Reinhard"]
[Black "Fischer, Ernst"]
[Result "1/2-1/2"]
[WhiteElo "2210"]
[BlackElo "2139"]
[PlyCount "41"]

1. e4 c5 2. Nf3 a6 3. g3 b6 4. Bg2 Bb7 5. Nc3 d6 6. O-O Nf6 7. Re1 e6 8. d3 Be7
9. Nh4 Nfd7 10. Nf3 Nc6 11. h3 O-O 12. Nh2 Qc7 13. f4 Rae8 14. Be3 Bf6 15. Qd2
Bd4 16. Nd1 Bxe3+ 17. Nxe3 Ne7 18. Re2 f5 19. Rae1 e5 20. fxe5 Nxe5 21. c4
1/2-1/2

[Event "Bad Woerishofen sen"]
[Site "?"]
[Date "2004.03.25"]
[Round "8"]
[White "Reinke, Kurt"]
[Black "Rahn, Oskar"]
[Result "1-0"]
[WhiteElo "2105"]
[BlackElo "2028"]
[PlyCount "47"]

1. d4 Nf6 2. c4 e6 3. Nc3 d5 4. Nf3 Nbd7 5. Bg5 Be7 6. e3 O-O 7. Bd3 dxc4 8.
Bxc4 a6 9. Bd3 c5 10. O-O Re8 11. Rc1 cxd4 12. exd4 Nf8 13. Re1 b5 14. Qe2 Bb7
15. Ne5 Nd5 16. Bxe7 Qxe7 17. Bb1 Rac8 18. Ne4 Nf4 19. Qg4 Nxg2 20. Qxg2 f5 21.
Rxc8 Rxc8 22. Qg5 Qd8 23. Qxd8 Rxd8 24. Nc5 1-0

[Event "Bad Woerishofen open"]
[Site "?"]
[Date "2004.03.25"]
[Round "8"]
[White "Schneider, Bernd"]
[Black "Gutman, Lev"]
[Result "0-1"]
[WhiteElo "2260"]
[BlackElo "2497"]
[PlyCount "54"]

1. e4 c5 2. Nf3 d6 3. d4 cxd4 4. Nxd4 Nf6 5. Nc3 e6 6. Bg5 Be7 7. Qd2 h6 8.
Bxf6 Bxf6 9. Ndb5 d5 10. exd5 a6 11. Nd4 exd5 12. Be2 Nc6 13. Nxc6 bxc6 14. O-O
O-O 15. Na4 Be5 16. f4 Bxb2 17. Nxb2 Qb6+ 18. Kh1 Qxb2 19. f5 Bxf5 20. Rac1 Be4
21. Qa5 Qe5 22. Rf2 Qd6 23. Bd3 Rfe8 24. Qb6 Re7 25. Rb1 a5 26. a4 Bxd3 27.
cxd3 Qb4 0-1

[Event "Bad Woerishofen open"]
[Site "?"]
[Date "2004.03.25"]
[Round "8"]
[White "Otterstaetter, Stefan"]
[Black "Maeder, Karl-Heinz"]
[Result "1/2-1/2"]
[WhiteElo "2178"]
[BlackElo "2320"]
[PlyCount "59"]

1. d4 Nf6 2. c4 e6 3. Nf3 Bb4+ 4. Nbd2 b6 5. a3 Bxd2+ 6. Qxd2 Bb7 7. e3 a5 8.
b3 O-O 9. Be2 d6 10. O-O Nbd7 11. Bb2 Ne4 12. Qc2 f5 13. Nd2 Qg5 14. f4 Qe7 15.
Bf3 Ndf6 16. Rad1 Nxd2 17. Rxd2 Be4 18. Qd1 d5 19. Qc1 Rac8 20. c5 Rb8 21. Qc3
bxc5 22. dxc5 Rb5 23. b4 Rfb8 24. Rd4 c6 25. Be2 R5b7 26. Ra1 Nd7 27. Ba6 Ra7
28. Be2 Rab7 29. Ba6 Ra7 30. Be2 1/2-1/2

[Event "Bad Woerishofen open"]
[Site "?"]
[Date "2004.03.25"]
[Round "8"]
[White "Teske, Henrik"]
[Black "Vrana, Frantisek"]
[Result "1-0"]
[WhiteElo "2526"]
[BlackElo "2301"]
[PlyCount "71"]

1. d4 Nf6 2. c4 g6 3. g3 Bg7 4. Bg2 O-O 5. e4 d6 6. Ne2 Nc6 7. O-O e5 8. d5 Ne7
9. Nbc3 c5 10. Rb1 Nd7 11. Nb5 Nb6 12. b4 cxb4 13. Rxb4 a5 14. Rb1 Ra6 15. c5
dxc5 16. d6 Nc6 17. Nc7 Nb8 18. Nxa6 Nxa6 19. Rxb6 Qxb6 20. d7 Nb4 21. dxc8=Q
Rxc8 22. Nc3 Qe6 23. Qa4 b6 24. Rd1 Nc6 25. Rd5 Nd4 26. Qc4 h5 27. h4 Kh7 28.
Kh2 Qg4 29. Be3 Qe6 30. a4 Rc6 31. Nb5 Bf6 32. Qf1 Qe7 33. Bh3 Ne6 34. Qd1 c4
35. Rd7 Qf8 36. Qd5 1-0

[Event "Bad Woerishofen sen"]
[Site "?"]
[Date "2004.03.25"]
[Round "8"]
[White "Goy, Udo"]
[Black "Weigel, Herbert"]
[Result "1-0"]
[WhiteElo "2257"]
[BlackElo "2157"]
[PlyCount "63"]

1. d4 d5 2. Nf3 Nf6 3. c4 e6 4. Nc3 dxc4 5. Bg5 Be7 6. e3 O-O 7. Bxc4 c6 8. O-O
b5 9. Bb3 Bb7 10. Qe2 Nbd7 11. Rfd1 a6 12. e4 h6 13. Bh4 Re8 14. e5 Nd5 15. Bg3
Rc8 16. Rac1 Nxc3 17. bxc3 Nb6 18. h4 Nd5 19. h5 Bg5 20. Rc2 c5 21. dxc5 Rxc5
22. c4 bxc4 23. Rxc4 Qc7 24. Nxg5 hxg5 25. Rdc1 Rxc4 26. Rxc4 Qa5 27. Kh2 Rd8
28. Qg4 Qd2 29. Rc2 Qa5 30. Qxg5 Nb4 31. h6 g6 32. Qf6 1-0

[Event "Bad Woerishofen sen"]
[Site "?"]
[Date "2004.03.25"]
[Round "8"]
[White "Walther, Diethelm"]
[Black "Igney, Volkhard"]
[Result "0-1"]
[WhiteElo "2161"]
[BlackElo "2230"]
[PlyCount "73"]

1. d4 d5 2. Bg5 h6 3. Bf4 Nf6 4. Nc3 c5 5. e3 e6 6. Nf3 cxd4 7. exd4 Bb4 8.
Bb5+ Bd7 9. Bxd7+ Nbxd7 10. O-O Bxc3 11. bxc3 O-O 12. Qd3 Qa5 13. Rfb1 Rfc8 14.
Bd2 Qc7 15. Rb3 Ne4 16. Be1 Nd6 17. Rab1 b6 18. g3 Nc4 19. Kg2 Re8 20. Rd1 e5
21. dxe5 Nc5 22. Qxd5 Nxb3 23. cxb3 Rad8 24. bxc4 Rxd5 25. cxd5 Qc4 26. Rd4
Qxa2 27. c4 a5 28. d6 Qb3 29. Bd2 a4 30. d7 Rd8 31. e6 fxe6 32. Ne5 Qb2 33. Nc6
a3 34. Rd3 Rxd7 35. Rxd7 a2 36. Rd3 a1=Q 37. Bc3 0-1

[Event "Bad Woerishofen open"]
[Site "?"]
[Date "2004.03.25"]
[Round "8"]
[White "Wohl, Aleksandar"]
[Black "Ginsburg, Gennadi"]
[Result "1-0"]
[WhiteElo "2398"]
[BlackElo "2486"]
[PlyCount "79"]

1. c4 Nf6 2. Nf3 g6 3. Nc3 Bg7 4. g3 O-O 5. Bg2 d6 6. O-O Nc6 7. d3 a6 8. Rb1
Rb8 9. b4 b5 10. cxb5 axb5 11. a4 bxa4 12. b5 Ne5 13. Nxe5 dxe5 14. Qxa4 Bb7
15. Qc4 Qd7 16. Bg5 Rfd8 17. Rfc1 Ne8 18. Bc6 Bxc6 19. bxc6 Qd4 20. Bxe7 Qxc4
21. dxc4 Rxb1 22. Rxb1 Ra8 23. Rd1 Bf8 24. Rd8 Ra1+ 25. Kg2 Bxe7 26. Rxe8+ Bf8
27. Rc8 Rc1 28. Nd5 Rxc4 29. Rxc7 Bd6 30. Rc8+ Kg7 31. c7 e4 32. Rd8 Bxc7 33.
Rc8 Rc5 34. Nxc7 Kh6 35. g4 Rc3 36. h4 f5 37. g5+ Kh5 38. Ne6 Rxc8 39. Kg3 Rc3+
40. e3 1-0

[Event "Bad Woerishofen open"]
[Site "?"]
[Date "2004.03.25"]
[Round "8"]
[White "Krivoshey, Sergei"]
[Black "Berczes, David"]
[Result "1-0"]
[WhiteElo "2501"]
[BlackElo "2305"]
[PlyCount "49"]

1. Nf3 Nf6 2. c4 e6 3. Nc3 c5 4. g3 b6 5. Bg2 Bb7 6. O-O Be7 7. Re1 d6 8. e4 a6
9. d4 cxd4 10. Nxd4 Qc7 11. Be3 Nbd7 12. f4 O-O 13. g4 Nc5 14. Bf2 d5 15. exd5
Qxf4 16. b4 Nxg4 17. Bg3 Qg5 18. bxc5 Ne3 19. Ne4 Qh6 20. Rxe3 Qxe3+ 21. Bf2
Qf4 22. c6 Bc8 23. Ne2 Qe5 24. Bg3 Qb2 25. d6 1-0

[Event "Bad Woerishofen open"]
[Site "?"]
[Date "2004.03.25"]
[Round "8"]
[White "Vatter, Hans-Joachim"]
[Black "Pirrot, Dieter"]
[Result "1-0"]
[WhiteElo "2299"]
[BlackElo "2406"]
[PlyCount "79"]

1. d4 d5 2. Nf3 Nc6 3. c4 Bg4 4. cxd5 Bxf3 5. gxf3 Qxd5 6. e3 e5 7. Nc3 Bb4 8.
Bd2 Bxc3 9. bxc3 Qd6 10. Rb1 O-O-O 11. Qb3 b6 12. Qxf7 Kb8 13. Bg2 Nh6 14. Qc4
Qg6 15. O-O Nf5 16. f4 Na5 17. Qd3 Nxd4 18. Qxg6 Ne2+ 19. Kh1 hxg6 20. Be1 Nc4
21. Bf3 Nd2 22. Bxd2 Rxd2 23. fxe5 Nxc3 24. Rb4 Nxa2 25. Rf4 a5 26. e6 Rdd8 27.
Bc6 Rhe8 28. Bxe8 Rxe8 29. Re4 Re7 30. f4 c5 31. Rg1 Nb4 32. Rxg6 a4 33. f5 a3
34. Rg1 Kc7 35. Reg4 Na2 36. Rxg7 Rxg7 37. Rxg7+ Kd6 38. Rd7+ Ke5 39. Ra7 Kf6
40. e4 1-0

[Event "Bad Woerishofen open"]
[Site "?"]
[Date "2004.03.25"]
[Round "8"]
[White "Donchenko, Anatoli"]
[Black "Schmidt, Bernhard"]
[Result "1-0"]
[WhiteElo "2409"]
[BlackElo "2245"]
[PlyCount "63"]

1. Nf3 Nf6 2. c4 c5 3. Nc3 Nc6 4. d4 cxd4 5. Nxd4 e6 6. Ndb5 Bc5 7. Nd6+ Ke7 8.
Nde4 Nxe4 9. Nxe4 Bb4+ 10. Bd2 d5 11. cxd5 exd5 12. a3 Bxd2+ 13. Nxd2 Bf5 14.
e3 Re8 15. g4 Be6 16. h3 Kf8 17. Bg2 Qb6 18. b4 d4 19. e4 a5 20. bxa5 Rxa5 21.
O-O Rea8 22. a4 Qa7 23. Qb1 Qb8 24. Rc1 R5a7 25. e5 Qxe5 26. Qxh7 Rxa4 27. Rab1
R8a7 28. Re1 Qf4 29. Bxc6 bxc6 30. Rb8+ Ke7 31. Qh8 Rd7 32. Ne4 1-0

[Event "Bad Woerishofen open"]
[Site "?"]
[Date "2004.03.25"]
[Round "8"]
[White "Guenther, Thomas"]
[Black "Poulsen, Martin"]
[Result "1-0"]
[WhiteElo "2080"]
[BlackElo "2274"]
[PlyCount "81"]

1. d4 Nf6 2. Nf3 c5 3. d5 e6 4. c4 b5 5. Bg5 d6 6. e4 exd5 7. Bxf6 Qxf6 8. Qxd5
Qxb2 9. Qxa8 Qc1+ 10. Ke2 Be7 11. Nbd2 Qxa1 12. Qxb8 O-O 13. Qxb5 Qxa2 14. Qb3
Qa6 15. g3 f5 16. Bg2 fxe4 17. Nxe4 d5 18. Ned2 Bf6 19. Rc1 Be6 20. Kf1 Kh8 21.
Kg1 Rd8 22. Bf1 Qd6 23. cxd5 Bxd5 24. Bc4 Ba8 25. Re1 Rf8 26. Re6 Qc7 27. Bd5
Rb8 28. Bxa8 Rxa8 29. Qa4 Qf7 30. Rc6 Rd8 31. Rxc5 Qe7 32. Ra5 h6 33. Rxa7 Qe2
34. Ra8 Qe7 35. Rxd8+ Qxd8 36. Qe4 Qa5 37. Nc4 Qb4 38. Qe8+ Kh7 39. Nce5 Qb1+
40. Kg2 Qe4 41. h4 1-0

[Event "Bad Woerishofen open"]
[Site "?"]
[Date "2004.03.25"]
[Round "8"]
[White "Unger, Michael"]
[Black "Heika, Martin"]
[Result "1-0"]
[WhiteElo "2235"]
[BlackElo "2342"]
[PlyCount "81"]

1. Nc3 e6 2. e4 d5 3. g3 Nf6 4. Bg2 Be7 5. d3 O-O 6. f4 dxe4 7. dxe4 Nc6 8. e5
Qxd1+ 9. Nxd1 Nd5 10. Ne3 Ncb4 11. Be4 f6 12. c3 Nxe3 13. Bxe3 Nd5 14. Bf2 fxe5
15. fxe5 Bd7 16. Nf3 c5 17. O-O Bc6 18. a3 Rad8 19. Rae1 Nxc3 20. Bxc6 bxc6 21.
Kg2 Nd5 22. Re2 Rb8 23. Rc1 Rb3 24. Ne1 Rfb8 25. Rcc2 R8b5 26. h4 Kf7 27. Red2
Nb6 28. Nd3 c4 29. Nf4 c3 30. Rxc3 Rxc3 31. bxc3 Rxe5 32. Bd4 Nc4 33. Rf2 Rf5
34. g4 Ra5 35. Nd5+ Ke8 36. Nxe7 Kxe7 37. Bxg7 Rxa3 38. Bf8+ Ke8 39. Bxa3 Nxa3
40. Ra2 Nb5 41. c4 1-0

[Event "Bad Woerishofen open"]
[Site "?"]
[Date "2004.03.25"]
[Round "8"]
[White "Trabert, Bettina"]
[Black "Schellmann, Frank"]
[Result "1-0"]
[WhiteElo "2247"]
[BlackElo "2134"]
[PlyCount "77"]

1. e4 c6 2. d4 d5 3. exd5 cxd5 4. c4 Nf6 5. Nc3 e6 6. Nf3 Bb4 7. cxd5 Nxd5 8.
Bd2 Nc6 9. Bd3 Be7 10. O-O O-O 11. Qe2 Nf6 12. Be3 Nb4 13. Bc4 b6 14. Ne5 Bb7
15. Rad1 Nbd5 16. Bc1 Nxc3 17. bxc3 Nd5 18. Rd3 Rc8 19. Rh3 g6 20. Bd2 Bf6 21.
Bb3 Rc7 22. Rd1 a5 23. c4 Ba6 24. Qg4 Nb4 25. Bh6 Re8 26. Ba4 Bxc4 27. Bxe8
Qxe8 28. a3 Nd5 29. Rc1 b5 30. a4 Bxe5 31. dxe5 f5 32. exf6 Nxf6 33. Qf4 Rf7
34. axb5 Bxb5 35. Rf3 Bc6 36. Rfc3 Nd5 37. Qe5 Nxc3 38. Rxc3 Rd7 39. h4 1-0

[Event "Bad Woerishofen open"]
[Site "?"]
[Date "2004.03.25"]
[Round "8"]
[White "Schmitzer, Peter"]
[Black "Pflug, Matthias"]
[Result "1-0"]
[WhiteElo "2128"]
[BlackElo "2236"]
[PlyCount "59"]

1. d4 f5 2. g3 Nf6 3. Bg2 g6 4. c3 Bg7 5. Nh3 Nc6 6. O-O O-O 7. Nd2 e6 8. Nf3
h6 9. Nf4 g5 10. Ng6 Re8 11. h4 Kh7 12. hxg5 Kxg6 13. gxf6 Bxf6 14. e4 Ne7 15.
Ne5+ Bxe5 16. dxe5 d5 17. exf5+ exf5 18. Bf3 Kg7 19. Kg2 c6 20. Rh1 Rh8 21. Be3
Ng8 22. Qd2 Qe7 23. Rh2 Qe6 24. Rah1 b6 25. Rh4 Bb7 26. g4 c5 27. gxf5 Qxf5 28.
Rg4+ Qxg4+ 29. Bxg4 d4+ 30. f3 1-0

[Event "Bad Woerishofen open"]
[Site "?"]
[Date "2004.03.25"]
[Round "8"]
[White "Seel, Christian"]
[Black "Pitl, Gregory"]
[Result "1/2-1/2"]
[WhiteElo "2380"]
[BlackElo "2261"]
[PlyCount "112"]

1. Nf3 Nc6 2. d4 d5 3. c4 Bg4 4. Nc3 e6 5. Bg5 Qd7 6. cxd5 exd5 7. e3 Bd6 8. h3
Be6 9. g3 f6 10. Bf4 Nge7 11. Bxd6 Qxd6 12. Qa4 O-O 13. Bg2 Qd7 14. Rc1 Nc8 15.
Qd1 N6e7 16. Na4 b6 17. O-O Nd6 18. Kh2 Rac8 19. Nc3 c6 20. Qe2 Rfe8 21. b4 Ne4
22. Nd2 Nxd2 23. Qxd2 Nf5 24. Rfe1 Nd6 25. Qe2 b5 26. Nb1 Nc4 27. Nd2 Qd6 28.
Nxc4 bxc4 29. Qd2 f5 30. Rb1 Rb8 31. f3 f4 32. exf4 Bf5 33. Rxe8+ Rxe8 34. Re1
Rxe1 35. Qxe1 Qe6 36. Qd2 Bd3 37. Kg1 Kf7 38. Kf2 Qf6 39. Qe3 Qd6 40. a3 a5 41.
Qe5 Qd8 42. Ke3 axb4 43. axb4 Qf8 44. b5 Qb4 45. Qc7+ Kf8 46. Qd8+ Kf7 47. Qd7+
Kf8 48. Qd8+ Kf7 49. f5 cxb5 50. Qd7+ Kf8 51. Qc8+ Kf7 52. Kf4 Qb2 53. Qe6+ Kf8
54. Qc8+ Kf7 55. Qc7+ Kf8 56. Qd6+ Kf7 1/2-1/2

[Event "Bad Woerishofen open"]
[Site "?"]
[Date "2004.03.25"]
[Round "8"]
[White "Klein, Manfred"]
[Black "Korchnoi, Viktor"]
[Result "0-1"]
[WhiteElo "2268"]
[BlackElo "2569"]
[PlyCount "140"]

1. e4 e6 2. d4 d5 3. Nd2 Be7 4. Ngf3 Nf6 5. e5 Nfd7 6. Bd3 c5 7. c3 Nc6 8. O-O
a5 9. Re1 cxd4 10. cxd4 a4 11. Nb1 Nb6 12. Nc3 Nb4 13. Bf1 Bd7 14. a3 Nc6 15.
Bf4 Na5 16. Nd2 Rc8 17. Rc1 O-O 18. Bd3 Nac4 19. Nxc4 Nxc4 20. Rc2 g6 21. Bh6
Re8 22. Bc1 b5 23. g3 b4 24. axb4 Bxb4 25. h4 a3 26. bxa3 Nxa3 27. Bxa3 Bxc3
28. Rxc3 Rxc3 29. Bc1 Qe7 30. Bf1 Rb8 31. Bg5 Qa3 32. Qg4 h5 33. Qf4 Rf3 34.
Qc1 Qxc1 35. Rxc1 Rfb3 36. Kg2 Bb5 37. Bxb5 R3xb5 38. Rc7 Rb4 39. Be3 Kg7 40.
Kf3 Rc4 41. Ra7 Rb3 42. Kg2 Rcb4 43. Rc7 Rb7 44. Rc6 Kf8 45. Kf3 Rb8 46. Rc7
Ra8 47. Kg2 Ke8 48. Kf3 Ra4 49. Kf4 Kf8 50. Kg5 Kg7 51. Rc2 Rd3 52. Re2 Raa3
53. Re1 Ra4 54. Re2 Rd1 55. Kf4 f6 56. exf6+ Kxf6 57. Kf3 Kf5 58. Rb2 Ra3 59.
Rb8 Rxd4 60. Ke2 Re4 61. Rf8+ Ke5 62. Kd2 Raxe3 63. fxe3 Rg4 64. Rf3 Ke4 65.
Ke2 e5 66. Kf2 g5 67. hxg5 Rxg5 68. Ke2 Rf5 69. Rxf5 Kxf5 70. Kf3 Kg5 0-1

[Event "Bad Woerishofen open"]
[Site "Bad Woerishofen"]
[Date "2004.03.25"]
[Round "8"]
[White "Babar, Michael"]
[Black "Specht, Helmut"]
[Result "1-0"]
[WhiteElo "2180"]
[BlackElo "2031"]
[PlyCount "59"]
[EventDate "2004.03.19"]

1. c4 e5 2. Nc3 Nc6 3. g3 g6 4. Bg2 Bg7 5. d3 Nge7 6. Bg5 f6 7. Bd2 O-O 8. h4
a6 9. h5 g5 10. h6 Bh8 11. Qc1 Qe8 12. Nd5 Qd8 13. Nxe7+ Nxe7 14. f4 exf4 15.
gxf4 g4 16. e4 Re8 17. Ne2 d6 18. Bc3 c6 19. f5 Kf7 20. Qf4 Rg8 21. O-O-O b5
22. Kb1 a5 23. cxb5 cxb5 24. Be1 Bb7 25. d4 Rc8 26. Bg3 Rc6 27. d5 Ra6 28. Nd4
b4 29. Bf1 Rb6 30. Ne6 1-0

[Event "Bad Woerishofen open"]
[Site "Bad Woerishofen"]
[Date "2004.03.25"]
[Round "8"]
[White "Ruck, Robert"]
[Black "Burmakin, Vladimir"]
[Result "1/2-1/2"]
[WhiteElo "2556"]
[BlackElo "2596"]
[PlyCount "59"]
[EventDate "2004.03.19"]

1. d4 c6 2. Nf3 d5 3. c4 Nf6 4. Nc3 a6 5. a4 e6 6. g3 Nbd7 7. Bg2 Bb4 8. O-O
O-O 9. Nd2 a5 10. e4 dxe4 11. Ndxe4 Nxe4 12. Nxe4 e5 13. d5 cxd5 14. Qxd5 Qc7
15. Be3 Ra6 16. c5 Nf6 17. Nxf6+ Rxf6 18. Rfd1 Re6 19. Rac1 h6 20. Qd3 Ree8 21.
Qd6 Re7 22. Qxc7 Rxc7 23. c6 bxc6 24. Bc5 Bxc5 25. Rxc5 Be6 26. Rxa5 Rb8 27.
Rxe5 Rxb2 28. Rc5 Rd7 29. Rcc1 Rxd1+ 30. Rxd1 1/2-1/2

[Event "Bad Woerishofen open"]
[Site "Bad Woerishofen"]
[Date "2004.03.25"]
[Round "8"]
[White "Levin, Felix"]
[Black "Straub, Peter"]
[Result "1-0"]
[WhiteElo "2468"]
[BlackElo "217"]
[PlyCount "87"]
[EventDate "2004.03.19"]

1. d4 Nf6 2. c4 e6 3. g3 Bb4+ 4. Bd2 c5 5. Bxb4 cxb4 6. Bg2 O-O 7. Qb3 a5 8. a3
Na6 9. Nf3 d6 10. O-O Rb8 11. Nbd2 Qc7 12. Rfc1 b6 13. Ne1 e5 14. e3 Bb7 15.
Bxb7 Qxb7 16. Nd3 Ne4 17. Nxe4 Qxe4 18. dxe5 bxa3 19. Rxa3 dxe5 20. Qb5 Nc5 21.
Nxc5 bxc5 22. Qxc5 Rfc8 23. Qxa5 Rxb2 24. c5 Qf3 25. Qe1 h5 26. Rac3 Re2 27.
Qf1 Rd2 28. R3c2 Rxc2 29. Rxc2 h4 30. Rc1 hxg3 31. hxg3 Rc6 32. Qg2 Qxg2+ 33.
Kxg2 f6 34. Kf3 Kf7 35. e4 g6 36. Ke3 Ke6 37. Kd3 f5 38. f3 Kd7 39. Kc4 fxe4
40. fxe4 Rf6 41. Rc3 g5 42. Kd5 g4 43. Kxe5 Rf3 44. Kd4 1-0

[Event "Bad Woerishofen open"]
[Site "Bad Woerishofen"]
[Date "2004.03.25"]
[Round "8"]
[White "Heedt, Thorsten Dr."]
[Black "Rahls, Peter"]
[Result "1/2-1/2"]
[WhiteElo "2240"]
[BlackElo "2366"]
[PlyCount "78"]
[EventDate "2004.03.19"]

1. c4 e5 2. Nc3 Nf6 3. Nf3 Nc6 4. a3 d5 5. cxd5 Nxd5 6. Qc2 Nxc3 7. bxc3 Bd6 8.
e4 O-O 9. Be2 Bg4 10. O-O Qe7 11. d3 Bc5 12. Ng5 Bxe2 13. Qxe2 Rad8 14. Rd1 Rd6
15. Nf3 Rfd8 16. Bg5 f6 17. Be3 Bxe3 18. fxe3 Qe6 19. d4 Qb3 20. Rdb1 Qxc3 21.
Rc1 Qb3 22. d5 Na5 23. Rxc7 b5 24. Nd2 Qa4 25. Rxa7 Qc2 26. Rxa5 Qc3 27. Nb3
Qxb3 28. Rxb5 Qc3 29. Qe1 Qd3 30. Rb4 f5 31. Rd1 Qxa3 32. exf5 Rxd5 33. Rxd5
Rxd5 34. Rb8+ Kf7 35. Rb7+ Ke8 36. e4 Rc5 37. Rb8+ Kf7 38. Rb7+ Ke8 39. Rb8+
Kf7 1/2-1/2

[Event "Bad Woerishofen open"]
[Site "Bad Woerishofen"]
[Date "2004.03.25"]
[Round "8"]
[White "Schippan, Bernhard"]
[Black "Piankov, Evgenij"]
[Result "0-1"]
[WhiteElo "2265"]
[BlackElo "2339"]
[PlyCount "102"]
[EventDate "2004.03.19"]

1. e4 g6 2. d4 Bg7 3. Nc3 c6 4. Nf3 d5 5. h3 dxe4 6. Nxe4 Bf5 7. Bd3 Bxd4 8.
Nxd4 Qxd4 9. Qe2 Nf6 10. Nxf6+ Qxf6 11. Bxf5 gxf5 12. Bf4 Nd7 13. O-O-O O-O-O
14. Rhe1 Nb6 15. Kb1 Rxd1+ 16. Rxd1 Rd8 17. Re1 Qd4 18. Bc1 e6 19. b3 Nd5 20.
Bb2 Nc3+ 21. Bxc3 Qxc3 22. Rd1 Rd7 23. Rxd7 Kxd7 24. Qh5 Qg7 25. Qf3 Qg5 26.
Qd3+ Ke8 27. g3 Qd8 28. Qc3 a6 29. Qe5 Ke7 30. Qe3 Kf8 31. h4 Qe7 32. Qh6+ Kg8
33. Qf4 Kg7 34. a4 h6 35. f3 Qd7 36. g4 fxg4 37. fxg4 Qd5 38. Ka2 e5 39. Qb4 c5
40. Qe1 c4 41. Qc3 cxb3+ 42. cxb3 Kh7 43. Kb2 b5 44. axb5 axb5 45. Qg3 b4 46.
Kc2 Kg7 47. g5 Qe4+ 48. Kd1 h5 49. Kd2 Kg6 50. Qh3 Qf4+ 51. Ke1 e4 0-1

[Event "Bad Woerishofen open"]
[Site "Bad Woerishofen"]
[Date "2004.03.25"]
[Round "8"]
[White "Heinig, Wolfram Dr."]
[Black "Ivanov, Michail"]
[Result "0-1"]
[WhiteElo "2308"]
[BlackElo "2421"]
[PlyCount "102"]
[EventDate "2004.03.19"]

1. d4 Nf6 2. c4 c5 3. Nf3 cxd4 4. Nxd4 a6 5. Nc3 Qc7 6. e4 e6 7. Be2 Bb4 8. Qd3
O-O 9. Bd2 Nc6 10. Nc2 Bd6 11. Ne3 Bf4 12. Rc1 Ne5 13. Qb1 b6 14. g3 Bxe3 15.
Bxe3 Bb7 16. b3 Nxe4 17. Nxe4 f5 18. f3 fxe4 19. fxe4 Bc6 20. Bf4 Qb7 21. O-O
Bxe4 22. Qb2 Bh1 23. Rf2 Ng6 24. Bd6 Rxf2 25. Kxf2 Qg2+ 26. Ke3 Qxh2 27. Qc3
Bc6 28. Rf1 e5 29. Kd2 b5 30. Kd1 Re8 31. cxb5 Bxb5 32. Bc4+ Bxc4 33. Qxc4+ Kh8
34. Qxa6 Qxg3 35. Qc4 Qg2 36. Re1 Qxa2 37. Re2 Qb1+ 38. Kd2 Qb2+ 39. Kd1 Qa1+
40. Kd2 Qg1 41. b4 Qg5+ 42. Kc2 Qf5+ 43. Kb2 Qf6 44. Qc5 h6 45. b5 Nf4 46. Re3
e4+ 47. Kb3 Qe6+ 48. Kc2 Qa2+ 49. Kd1 Nd3 50. Qc2 Qa1+ 51. Kd2 Qa5+ 0-1

[Event "Bad Woerishofen open"]
[Site "Bad Woerishofen"]
[Date "2004.03.25"]
[Round "8"]
[White "Kengis, Aloyzis"]
[Black "Kunin, Vitali"]
[Result "1/2-1/2"]
[WhiteElo "2572"]
[BlackElo "2425"]
[PlyCount "98"]
[EventDate "2004.03.19"]

1. Nf3 Nf6 2. c4 b6 3. g3 c5 4. Bg2 Bb7 5. O-O e6 6. Nc3 Be7 7. Re1 Ne4 8. Qc2
Nxc3 9. dxc3 d6 10. Rd1 Qc7 11. Bf4 Nc6 12. Rd2 h6 13. Rad1 Rd8 14. g4 O-O 15.
Bg3 a6 16. b3 b5 17. cxb5 axb5 18. b4 cxb4 19. cxb4 Qb6 20. Bxd6 Nxb4 21. Bxe7
Nxc2 22. Rxd8 Rxd8 23. Rxd8+ Kh7 24. Rb8 Qa5 25. Rxb7 Qxa2 26. Rxb5 Qa1+ 27.
Bf1 Qa4 28. Rb7 Qxg4+ 29. Bg2 Nd4 30. Nxd4 Qxd4 31. Rb1 Qc4 32. e4 f6 33. Rf1
Qd4 34. Ba3 f5 35. Bc1 g5 36. Be3 Qd3 37. exf5 exf5 38. Re1 Kg6 39. Bf1 Qe4 40.
Bg2 Qb4 41. Rc1 f4 42. Bc5 Qd2 43. Be4+ Kh5 44. Bf3+ Kh4 45. Rd1 Qc3 46. Kg2
Qxc5 47. h3 Qc8 48. Rh1 Qd7 49. Rh2 Qc8 1/2-1/2

[Event "Bad Woerishofen open"]
[Site "Bad Woerishofen"]
[Date "2004.03.25"]
[Round "8"]
[White "Peschlow, Patrick"]
[Black "Galdunts, Sergeij"]
[Result "1-0"]
[WhiteElo "2231"]
[BlackElo "2506"]
[PlyCount "109"]
[EventDate "2004.03.19"]

1. e4 e5 2. Nf3 Nc6 3. Bb5 a6 4. Bxc6 dxc6 5. O-O f6 6. d4 Bg4 7. c3 Bd6 8. Be3
Qe7 9. Nbd2 Nh6 10. Qb3 O-O-O 11. dxe5 Bxe5 12. Nxe5 fxe5 13. f3 Be6 14. Qc2
Nf7 15. Rad1 h6 16. Nb3 b6 17. Rxd8+ Nxd8 18. Nc1 c5 19. b3 Nc6 20. Ne2 a5 21.
f4 exf4 22. Nxf4 Bf7 23. Re1 Rd8 24. Bf2 Qg5 25. Be3 Qh4 26. Qe2 c4 27. g3 Qe7
28. Qg4+ Kb7 29. Qxg7 Qxe4 30. Qxf7 Ne5 31. Qxc7+ Kxc7 32. Bxb6+ Kxb6 33. Rxe4
cxb3 34. axb3 Nf3+ 35. Kf2 Nd2 36. Re6+ Kb7 37. Re5 Kb6 38. Re6+ Kb7 39. Re5
Kb6 40. c4 Ka6 41. Rb5 Rd7 42. Ne6 Ne4+ 43. Ke3 Re7 44. Re5 Nd6 45. Kd4 Rf7 46.
Nc5+ Kb6 47. Na4+ Kc7 48. Rxa5 Rf3 49. Ra7+ Kb8 50. Rd7 Nb7 51. Nc5 Na5 52. Rd6
h5 53. Ra6 Nxb3+ 54. Nxb3 Rxb3 55. Ra5 1-0

[Event "Bad Woerishofen sen"]
[Site "?"]
[Date "2004.03.26"]
[Round "9"]
[White "Bierwisch, Bernhard"]
[Black "Limberg, Siegfried"]
[Result "1/2-1/2"]
[WhiteElo "2205"]
[BlackElo "2121"]
[PlyCount "35"]

1. e4 e6 2. d4 d5 3. Nc3 Bb4 4. e5 c5 5. a3 Bxc3+ 6. bxc3 Ne7 7. Qg4 Ng6 8. h4
h5 9. Qg3 c4 10. Be2 Bd7 11. Nf3 Ba4 12. Ra2 Nc6 13. Ng5 Nce7 14. f4 Nf5 15.
Qf2 Qd7 16. g3 Nge7 17. Rb2 g6 18. O-O 1/2-1/2

[Event "Bad Woerishofen sen"]
[Site "?"]
[Date "2004.03.26"]
[Round "9"]
[White "Kraft, Hans"]
[Black "Reimann, Guenther"]
[Result "1-0"]
[WhiteElo "2161"]
[BlackElo "2050"]
[PlyCount "37"]

1. e4 e6 2. d4 d5 3. e5 c5 4. c3 Nc6 5. Nf3 Bd7 6. a3 Nge7 7. Bd3 c4 8. Bc2 Ng6
9. h4 Be7 10. h5 Nh4 11. Nxh4 Bxh4 12. Qg4 g5 13. hxg6 hxg6 14. Bg5 Qb6 15.
Rxh4 Rxh4 16. Qxh4 Bc8 17. Qh8+ Kd7 18. Ba4 Qxb2 19. Qd8# 1-0

[Event "Bad Woerishofen open"]
[Site "?"]
[Date "2004.03.26"]
[Round "9"]
[White "Stark, Lars"]
[Black "Heinig, Wolfram"]
[Result "1/2-1/2"]
[WhiteElo "2229"]
[BlackElo "2308"]
[PlyCount "39"]

1. c4 Nf6 2. g3 c6 3. Nf3 d5 4. Bg2 dxc4 5. Qc2 b5 6. b3 cxb3 7. axb3 Bb7 8.
Ba3 Nbd7 9. d4 Qb6 10. Nbd2 e6 11. Bxf8 Nxf8 12. e4 N8d7 13. e5 Nd5 14. Ne4 O-O
15. O-O h6 16. Rfc1 Rfc8 17. b4 a5 18. h4 Nxb4 19. Qc3 Nd5 20. Qc2 1/2-1/2

[Event "Bad Woerishofen open"]
[Site "?"]
[Date "2004.03.26"]
[Round "9"]
[White "Wagner, Franz"]
[Black "Friedrich, Wolfgang"]
[Result "0-1"]
[WhiteElo "1912"]
[BlackElo "2108"]
[PlyCount "53"]

1. e4 d5 2. exd5 Qxd5 3. Nc3 Qa5 4. d4 c6 5. Nf3 Bf5 6. Bd3 Bxd3 7. Qxd3 e6 8.
O-O Nf6 9. Bd2 Qc7 10. Rfe1 Be7 11. Ne5 Nbd7 12. Qg3 O-O 13. Ne4 Nxe4 14. Rxe4
Nxe5 15. dxe5 Rfd8 16. Bh6 g6 17. Bg5 Rd7 18. Bxe7 Rxe7 19. Rd1 Rd8 20. Red4
Rd5 21. c4 Rxe5 22. Rd8+ Kg7 23. Ra8 Rd7 24. Rf1 f6 25. Rxa7 Qb6 26. Qa3 Qd4
27. Qb3 0-1

[Event "Bad Woerishofen sen"]
[Site "?"]
[Date "2004.03.26"]
[Round "9"]
[White "Igney, Volkhard"]
[Black "Goy, Udo"]
[Result "1-0"]
[WhiteElo "2230"]
[BlackElo "2257"]
[PlyCount "65"]

1. d4 f5 2. c4 Nf6 3. Nf3 g6 4. Nc3 Bg7 5. e3 O-O 6. Be2 d6 7. O-O Na6 8. b3 c5
9. Bb2 h6 10. a3 Qe8 11. d5 Bd7 12. Qc2 Nc7 13. a4 b6 14. Bd3 Ng4 15. Nb5 Nxb5
16. Bxg7 Na3 17. Qb2 Rf7 18. Bc3 Nxc4 19. Bxc4 a6 20. Qe2 Bc8 21. Rfe1 Nf6 22.
Nd2 Bb7 23. e4 fxe4 24. Nxe4 Nxe4 25. Qxe4 Kh7 26. Bd3 Qg8 27. Re3 e5 28. Rg3
Rf6 29. h4 Bxd5 30. Qg4 Be6 31. Qe2 Kh8 32. f4 Rxf4 33. Rxg6 1-0